000 00885nam a2200229Ii 4500
003 JO-AjNU
008 230605s9999||||xx |||||||||||||| ||und||
017 _a2006/9/2522
020 _a978-9923-00-403-6
040 _aJO-AjNU
_bara
_erda
_cJO-AjNU
041 _aara
050 1 4 _aHG4026 2022
100 3 _aتاليف الخلايله، محمود عبد الحليم,
_eauthor
_963849
245 0 0 _aالتحليل المالي باستخدام البيانات المحاسبية
250 _aط8
264 3 1 _aعمان: المؤلف، 2022
300 _a332ص
_bيحتوي على تمارين وحالات تطبيقية 299ص-318ص/ وعلى جدوال توضيحية 319-328ص
336 _atext
_btxt
_2rdacontent
337 _aunmediated
_bn
_2rdamedia
338 _avolume
_bnc
_2rdacarrier
650 4 _aالمحاسبة المالية-التحليل المالي
_963850
999 _aA28983
_c32551
_d32551